| 000 | 01513cam a22001814a 4500 | ||
|---|---|---|---|
| 005 | 20250605164356.0 | ||
| 008 | 250528s ||||||||||||||||||||||||d | ||
| 035 | _a24321 | ||
| 040 |
_aGR-AtMCL _bgre _dGR-AtMCL _eAACR2 |
||
| 245 | 1 | _aΗ Αξιολόγηση Πρέπει να Κλείσει / Βραβεία Ε.Β.Ε.Α. - Η Περιφέρεια Αττικής για Καινοτόμες Νεοφυείς Επιχειρήσεις | |
| 260 |
_bΕμπορικό Και Βιομηχανικό Επιμελητήριο Αθηνών, _c2017 |
||
| 300 | _a64 | ||
| 520 | _aΗ Συμβολή των Επιχειρηματικών Αγγέλων στην Προαγωγή της Επιχειρηματικότητας και της Ανάπτυξης, Η Νέα Λευκή Βίβλος για το Μέλλον της Ευρώπης, Προβλέψεις και Αναταράξεις, Οι Ενστάσεις της Αγοράς για το Νομοσχέδιο της Εξωδικαστικής Ρύθμισης των Οφειλών, Σβήνει η Μεσαία Τάξη και η Επιχειρηματικότητα, ΠΣΕ: Εκρηκτικοί Αριθμοί στο Εξωτερικό Εμπόριο από τις Αρχές του 2017, 1.573 Αλλοδαποί Επένδυσαν σε Ακίνητα στην Ελλάδα με 'Αντάλλαγμα' Άδειας Παραμονής. | ||
| 700 | 1 |
_aΜίχαλος Κωνσταντίνος _94319 |
|
| 942 | _cCR | ||
| 999 |
_c9210 _d9210 |
||